00458nam a2200193Ia 4500003000400000005001700004008004100021020002200062040000700084041000800091082002200099100002700121245002400148250000600172260004000178300001500218365001300233650001800246OSt20230331112756.0210423s2017 xx 000 0 und d a978-93-86105-35-6 cAL aeng a573.21 223bGARH aGARDNER (A);DAVIES (T) aHuman genetics Ed 2 a2 aNew DelhibViva Books Pvt Ltdc2017 axv,328bPB b695cINR aLife Sciences